<?xml version="1.0" encoding="UTF-8"?><?xml-stylesheet type="text/xsl" href="static/style.xsl"?><OAI-PMH xmlns="http://www.openarchives.org/OAI/2.0/" xmlns:xsi="http://www.w3.org/2001/XMLSchema-instance" xsi:schemaLocation="http://www.openarchives.org/OAI/2.0/ http://www.openarchives.org/OAI/2.0/OAI-PMH.xsd"><responseDate>2026-05-17T07:29:04Z</responseDate><request verb="GetRecord" identifier="oai:riubu.ubu.es:10259/8043" metadataPrefix="marc">https://riubu.ubu.es/oai/request</request><GetRecord><record><header><identifier>oai:riubu.ubu.es:10259/8043</identifier><datestamp>2023-11-18T01:05:21Z</datestamp><setSpec>com_10259_7906</setSpec><setSpec>com_10259_5086</setSpec><setSpec>com_10259_2604</setSpec><setSpec>col_10259_8017</setSpec></header><metadata><record xmlns="http://www.loc.gov/MARC21/slim" xmlns:doc="http://www.lyncode.com/xoai" xmlns:xsi="http://www.w3.org/2001/XMLSchema-instance" xmlns:dcterms="http://purl.org/dc/terms/" xsi:schemaLocation="http://www.loc.gov/MARC21/slim http://www.loc.gov/standards/marcxml/schema/MARC21slim.xsd">
<leader>00925njm 22002777a 4500</leader>
<datafield tag="042" ind1=" " ind2=" ">
<subfield code="a">dc</subfield>
</datafield>
<datafield tag="720" ind1=" " ind2=" ">
<subfield code="a">Sáiz Vázquez, Olalla</subfield>
<subfield code="e">author</subfield>
</datafield>
<datafield tag="720" ind1=" " ind2=" ">
<subfield code="a">Santamaría Vázquez, Montserrat</subfield>
<subfield code="e">author</subfield>
</datafield>
<datafield tag="260" ind1=" " ind2=" ">
<subfield code="c">2015-05</subfield>
</datafield>
<datafield tag="024" ind2=" " ind1="8">
<subfield code="a">1885-527X</subfield>
</datafield>
<datafield tag="024" ind2=" " ind1="8">
<subfield code="a">http://hdl.handle.net/10259/8043</subfield>
</datafield>
<datafield ind1=" " ind2=" " tag="653">
<subfield code="a">Ambiente</subfield>
</datafield>
<datafield ind1=" " ind2=" " tag="653">
<subfield code="a">Condiciones Sociales</subfield>
</datafield>
<datafield ind1=" " ind2=" " tag="653">
<subfield code="a">Cultura</subfield>
</datafield>
<datafield ind1=" " ind2=" " tag="653">
<subfield code="a">Factores de Edad</subfield>
</datafield>
<datafield ind1=" " ind2=" " tag="653">
<subfield code="a">Estilo de Vida</subfield>
</datafield>
<datafield ind1=" " ind2=" " tag="653">
<subfield code="a">Terapia Ocupacional</subfield>
</datafield>
<datafield ind1=" " ind2=" " tag="653">
<subfield code="a">Environment</subfield>
</datafield>
<datafield ind1=" " ind2=" " tag="653">
<subfield code="a">Social Conditions</subfield>
</datafield>
<datafield ind1=" " ind2=" " tag="653">
<subfield code="a">Culture</subfield>
</datafield>
<datafield ind1=" " ind2=" " tag="653">
<subfield code="a">Age Factors</subfield>
</datafield>
<datafield ind1=" " ind2=" " tag="653">
<subfield code="a">Life Style</subfield>
</datafield>
<datafield ind1=" " ind2=" " tag="653">
<subfield code="a">Occupational therapy</subfield>
</datafield>
<datafield tag="245" ind1="0" ind2="0">
<subfield code="a">La influencia de las variables sociodemográficas en la calidad de vida analizadas con el whoqol-bref</subfield>
</datafield>
</record></metadata></record></GetRecord></OAI-PMH>